LEADER 03101nam0 2200373 450 001 000014208 005 20100708163453.0 012 $ateRE aub- v.n. &qma (3) 1773 (R)$2fei$5UNIPARTHENOPE 100 $a20080709d1773----km-y0itay50------ba 101 0 $afre 102 $aFR 140 $aac--a---vba------yyybb1111-- 141 $abf-u1bb-$5UNIPARTHENOPE-------------------------------------------------------------- 200 1 $aTraité des horloges marines, contenant la théorie, la construction, la main-d'oeuvre de ces machines, et la maniere de les éprouver, pour parvenir, par leur moyen, a la rectification des cartes marines, et a la determination des longitudes en mer, avec figures en taile-douce. ... Par m. Ferdinand Berthoud, ... 210 $aA Paris$bquai des Augustins, a s. Etienne$cchez J.B.G. Musier fils, libraire$d1773$e[Parigi]$gde l'imprimerie de L.F. Delatour$h1773 215 $aXL, 590 p., XXVII c. di tav. ripieg.$cill.$d4° 300 $aIll. calcogr. 300 $aFregio calcogr. sul front., con stemma reale francese 300 $aVignetta calcogr. a c. a3r Fregio xilogr 307 $aSegnatura: [a]-e/4 A-4E/4(-4E/4) 316 $aLegatura in pelle su piatti di cartone (27x20x6 cm); dorso con tit. e fregi impressi in oro; ivi, inoltre, etichette con antiche segnature; tagli in rosso; legato con un'altra opera dello stesso autore: Éclaircissemens sur l'invention, la théorie ...$5UNIPARTHENOPE 317 $aSulla controguardia ant.: ex libris della Reale Biblioteca di Marina; sul v. della c. di g. ant. antiche segnature mss.: 2-H [n.i.]; 38 g 1 [n.i.]; II-G-IV-28 [n.i.]; ivi, inoltre, Classe VII n. 1366 Ingresso n. 4948 del Registro inventario della Regia Marina Biblioteca dipartimentale di Napoli; 1087, 282, g 6 [n.i.]; sull'occhietto parz. ripetuti, a matita, idati del Registro inventario ...; ivi, inoltre, class. Dewey dell'IUN: 739.3; Timbro della Reale Accademia di Marina: front.; timbo A della Reale Biblioteca di Marina: occh., front., a3r, b1r, c. di tav.; timbro B della stessa: A1r, 4E2v$5UNIPARTHENOPE 327 1 $aTutte le immagini del testo sono disponibili in versione digitale sull\2019OPAC Gallica:$uhttp://gallica.bnf.fr/ark:/12148/btv1b2600153s.r=Trait%C3%A9+des+horloges+marines.langFR 620 $aFrancia$dParigi 676 $a681.1109$v20$9Manifattura di strumenti per la misurazione del tempo. Trattamento storico e geografico 700 1$aBerthoud,$bFerdinand$0631683 712 02$aMusier,$bJean Baptiste Guillaume$4650 712 02$aDelatour,$bLouis François$4610 712 02$aDue Sicilie : Ministero della guerra e della marina$4390 801 0$aIT$bUNIPARTHENOPE$c20080709$gRICA$2UNIMARC 912 $a000014208 951 $aBORB-I-57$b4948$cFB$d2008 996 $aTraité des horloges marines, contenant la théorie, la construction, la main-d'oeuvre de ces machines, et la maniere de les éprouver, pour parvenir, par leur moyen, a la rectification des cartes marines, et a la determination des longitudes en mer, avec figures en taile-douce. ... Par m. Ferdinand Berthoud, ..$91202400 997 $aUNIPARTHENOPE LEADER 01186nam 2200313Ia 450 001 996391969903316 005 20221108105242.0 035 $a(CKB)1000000000675495 035 $a(EEBO)2240854109 035 $a(OCoLC)16197425 035 $a(EXLCZ)991000000000675495 100 $a19870716d1662 uy | 101 0 $aeng 135 $aurbn||||a|bb| 200 10$aTrue peace, or, A moderate discourse to compose the unsettled consciences and greatest differences in ecclesiastical affaires$b[electronic resource] /$fwritten long since by the no less famous then learned Sir Francis Bacon .. 210 $aLondon $cPrinted for A.C.$d1662 215 $a[2], 47 p 300 $aReproduction of original in the Bodleian Library. 330 $aeebo-0014 606 $aPuritans$xRelations$xChurch of England 615 0$aPuritans$xRelations$xChurch of England. 700 $aBacon$b Francis$f1561-1626.$0159133 801 0$bEAH 801 1$bEAH 801 2$bWaOLN 906 $aBOOK 912 $a996391969903316 996 $aTrue peace, or, A moderate discourse to compose the unsettled consciences and greatest differences in ecclesiastical affaires$92346030 997 $aUNISA